[Event "Russian Championship (blitz) 2015"]
[Site "St Petersburg RUS"]
[Date "2015.05.15"]
[Round "1"]
[White "Deviatkin, Andrei"]
[Black "Savchenko, Boris"]
[Result "0-1"]
[WhiteElo "2528"]
[BlackElo "2556"]
[PlyCount "108"]
[EventDate "2015.05.15"]

1. c4 e6 2. g3 d5 3. Bg2 Nf6 4. Nf3 dxc4 5. Qa4+ Nbd7 6. Qxc4 a6 7. O-O b5 8.
Qc2 Bb7 9. d3 Be7 10. a4 c5 11. axb5 axb5 12. Rxa8 Qxa8 13. Na3 Bc6 14. Ne1 Nd5
15. Bd2 O-O 16. Nf3 Bf6 17. e4 Nb4 18. Bxb4 cxb4 19. Nb1 Rc8 20. Qd2 Nc5 21. e5
Bxe5 22. Qe3 Bd6 23. Nbd2 Na4 24. b3 Nc3 25. d4 Bd5 26. Nh4 Be7 27. Bxd5 Nxd5
28. Qe4 Qa2 29. Nhf3 h6 30. h4 Rc2 31. Qd3 Bf8 32. Ne4 Nc3 33. Ne5 Nxe4 34.
Qxe4 Rc7 35. Qd3 Qc2 36. Qf3 Qc3 37. Rb1 Qxf3 38. Nxf3 Rc3 39. Kg2 Rd3 40. Rb2
Be7 41. h5 Bf6 42. Rd2 Rxb3 43. d5 exd5 44. Rxd5 Rb2 45. Rxb5 Kf8 46. Rb7 Ke8
47. Ne1 b3 48. Nd3 Rb1 49. Kf3 b2 50. Ke2 Ra1 51. Nxb2 Ra2 52. Rb8+ Ke7 53.
Rb7+ Ke6 54. Rb6+ Kf5 0-1

[Event "Russian Championship (blitz) 2015"]
[Site "St Petersburg RUS"]
[Date "2015.05.15"]
[Round "2"]
[White "Savchenko, Boris"]
[Black "Demchenko, Anton"]
[Result "0-1"]
[WhiteElo "2556"]
[BlackElo "2589"]
[PlyCount "86"]
[EventDate "2015.05.15"]

1. d4 Nf6 2. c4 g6 3. Nc3 Bg7 4. Bg5 O-O 5. Qd2 d6 6. e4 Na6 7. f3 Qe8 8. h4 e5
9. d5 Nh5 10. Nge2 f5 11. exf5 gxf5 12. g3 Bd7 13. Bh3 Qg6 14. Rg1 Rae8 15.
O-O-O Kh8 16. Be3 Qf7 17. g4 f4 18. Bf2 Nf6 19. Rdf1 c6 20. Rd1 cxd5 21. g5
Bxh3 22. gxf6 Bxf6 23. Nxd5 Bg7 24. Nec3 Bf5 25. Bxa7 Nc7 26. b3 Nxd5 27. Nxd5
Rc8 28. a4 b5 29. axb5 Qxa7 30. Kb2 e4+ 31. Rxg7 Qxg7+ 32. Qc3 exf3 33. Rf1 Be4
34. Nb4 d5 35. Qxg7+ Kxg7 36. Kc3 dxc4 37. bxc4 Rfd8 38. Kb3 Kf6 39. Na6 Bd3
40. Rxf3 Bxc4+ 41. Kb4 Ke5 42. Ra3 Be2 43. Ka5 Rd5 0-1

[Event "Russian Championship (blitz) 2015"]
[Site "St Petersburg RUS"]
[Date "2015.05.15"]
[Round "4"]
[White "Savchenko, Boris"]
[Black "Potkin, Vladimir"]
[Result "1-0"]
[WhiteElo "2556"]
[BlackElo "2599"]
[PlyCount "159"]
[EventDate "2015.05.15"]

1. e4 c5 2. Nf3 e6 3. d4 cxd4 4. Nxd4 Nc6 5. Nc3 Qc7 6. a3 a6 7. Be3 b5 8. Bd3
Bb7 9. O-O Nf6 10. Qe2 Rc8 11. Kh1 h5 12. Nxc6 Qxc6 13. Bg5 Bc5 14. Bxf6 gxf6
15. Nd5 Be7 16. Nxe7 Kxe7 17. f3 Qc5 18. Rac1 h4 19. h3 Rhg8 20. Qd2 Rg3 21. c4
Qd6 22. Qe3 Rcg8 23. Rf2 bxc4 24. Bxc4 Rc8 25. Rfc2 Rg5 26. Bf1 Rxc2 27. Rxc2
Re5 28. Qf2 Qd1 29. Kh2 a5 30. Rd2 Qc1 31. Qd4 Bc6 32. Qd6+ Ke8 33. Kg1 Qc5+
34. Qd4 Qxd4+ 35. Rxd4 Rc5 36. Bd3 Ke7 37. Kf2 Rc1 38. Rc4 Ra1 39. Rc2 Kd6 40.
Ke3 Rg1 41. Kd4 Ba4 42. Rd2 Bc6 43. Bc4 Kc7 44. e5 fxe5+ 45. Kxe5 f5 46. Kf4 a4
47. Ke5 Rc1 48. Bd3 Rg1 49. Bc2 Re1+ 50. Kf4 Rg1 51. Bd1 Kb6 52. Kg5 d5 53.
Kxh4 e5 54. Kg5 f4 55. Kf5 Re1 56. Be2 e4 57. fxe4 dxe4 58. Kxf4 Kc5 59. h4 Rg1
60. g4 Rh1 61. h5 Rh2 62. g5 Bb5 63. Rc2+ Kd4 64. Rd2+ Kc5 65. Ke3 Bxe2 66.
Rxe2 Rxh5 67. Rg2 Kd5 68. g6 Rh3+ 69. Ke2 Rh8 70. g7 Rg8 71. Ke3 Ke5 72. Rg1
Kf5 73. Rf1+ Ke5 74. Rf7 Ke6 75. Ra7 Kf5 76. Rb7 Ke5 77. Rc7 Kd5 78. Kf4 Kd4
79. Rd7+ Kc4 80. Kxe4 1-0

[Event "Russian Championship (blitz) 2015"]
[Site "St Petersburg RUS"]
[Date "2015.05.15"]
[Round "5"]
[White "Ponkratov, Pavel"]
[Black "Savchenko, Boris"]
[Result "1-0"]
[WhiteElo "2610"]
[BlackElo "2556"]
[PlyCount "43"]
[EventDate "2015.05.15"]

1. e4 e6 2. d4 d5 3. Nc3 Bb4 4. Nge2 dxe4 5. a3 Be7 6. Nxe4 Nf6 7. Qd3 Nbd7 8.
Bf4 b6 9. Nxf6+ Nxf6 10. Qg3 c5 11. O-O-O Qd5 12. Nc3 Qf5 13. Bd3 Nh5 14. Bxf5
Nxg3 15. hxg3 exf5 16. Rhe1 cxd4 17. Nd5 Be6 18. Nc7+ Kd7 19. Rxd4+ Kc6 20.
Nxe6 Bf6 21. Rd6+ Kb7 22. Rd7+ 1-0

[Event "Russian Championship (blitz) 2015"]
[Site "St Petersburg RUS"]
[Date "2015.05.15"]
[Round "6"]
[White "Savchenko, Boris"]
[Black "Lintchevski, Daniil"]
[Result "1-0"]
[WhiteElo "2556"]
[BlackElo "2554"]
[PlyCount "83"]
[EventDate "2015.05.15"]

1. e4 c6 2. d4 d5 3. Nc3 dxe4 4. Nxe4 Bf5 5. Nc5 Nd7 6. Bd3 Bxd3 7. Nxd3 e6 8.
Nf3 Ngf6 9. Qe2 Be7 10. O-O O-O 11. Rd1 Qb6 12. c4 Rfe8 13. Nde5 h6 14. Re1
Nxe5 15. dxe5 Nd7 16. Qe4 Rad8 17. Qg4 Kf8 18. Qh5 Kg8 19. Bxh6 gxh6 20. Re4
Nf8 21. Qxh6 Ng6 22. h4 Qxb2 23. Rae1 Bf8 24. Qg5 Be7 25. Qg3 Kh7 26. Rg4 Rg8
27. Qh3 Rg7 28. h5 Nf8 29. Rxg7+ Kxg7 30. Qg4+ Kh7 31. Qf4 f5 32. exf6 Qxf6 33.
Qe3 Qf5 34. Qxa7 Rd7 35. Qe3 Qxh5 36. Ne5 Rd8 37. Qe4+ Qf5 38. Qe3 Bg5 39. Qg3
Rd4 40. Nf3 Rg4 41. Qc7+ Kh6 42. Ne5 1-0

[Event "Russian Championship (blitz) 2015"]
[Site "St Petersburg RUS"]
[Date "2015.05.15"]
[Round "7"]
[White "Popov, Ivan RUS"]
[Black "Savchenko, Boris"]
[Result "1-0"]
[WhiteElo "2648"]
[BlackElo "2556"]
[PlyCount "65"]
[EventDate "2015.05.15"]

1. e4 e6 2. d4 d5 3. Nc3 Bb4 4. a3 Bxc3+ 5. bxc3 dxe4 6. Qg4 Nf6 7. Qxg7 Rg8 8.
Qh6 c5 9. Ne2 Bd7 10. a4 Bc6 11. h3 Nbd7 12. Bd2 Qb6 13. Qf4 Qb2 14. Rc1 Bxa4
15. dxc5 Rc8 16. Ng3 Bxc2 17. Be2 Nd5 18. Qh4 e3 19. fxe3 Nxc5 20. O-O a6 21.
e4 Bxe4 22. Nxe4 Nxe4 23. Qxe4 Qxd2 24. Bh5 Kd8 25. Rcd1 Qxc3 26. Rxd5+ Kc7 27.
Rxf7+ Kb8 28. Rdd7 Rxg2+ 29. Qxg2 Qe1+ 30. Rf1 Qe3+ 31. Kh1 Rc6 32. Bf3 Rc5 33.
Rxb7+ 1-0

[Event "Russian Championship (blitz) 2015"]
[Site "St Petersburg RUS"]
[Date "2015.05.15"]
[Round "8"]
[White "Savchenko, Boris"]
[Black "Usmanov, Vasily"]
[Result "0-1"]
[WhiteElo "2556"]
[BlackElo "2462"]
[PlyCount "75"]
[EventDate "2015.05.15"]

1. e4 c5 2. Nf3 Nc6 3. Nc3 Nf6 4. Bb5 e6 5. Bxc6 bxc6 6. d3 Qc7 7. O-O h5 8. e5
Ng4 9. Re1 f6 10. Bf4 g5 11. Bg3 h4 12. Nxh4 gxh4 13. Qxg4 Rh6 14. Bf4 f5 15.
Qg8 Rf6 16. exf6 Qxf4 17. Re3 Qh6 18. Na4 Qxf6 19. Rae1 Kd8 20. Nxc5 Kc7 21.
Nb3 a5 22. Qh7 Be7 23. c3 Bb7 24. Qh5 Rh8 25. Qe2 Rg8 26. f3 a4 27. Nd2 a3 28.
Nc4 Qg7 29. bxa3 Ba6 30. Ne5 Bc5 31. d4 Bxe2 32. R1xe2 Bxa3 33. Kf1 f4 34. Re4
h3 35. Nd3 hxg2+ 36. Kg1 Qh7 37. Rxg2 Rxg2+ 38. Kxg2 0-1

[Event "Scandinavian Masters (rapid) 2015"]
[Site "Oslo NOR"]
[Date "2015.05.15"]
[Round "1"]
[White "Hansen, Cu"]
[Black "Hammer, J."]
[Result "0-1"]
[WhiteElo "2621"]
[BlackElo "2665"]
[PlyCount "88"]
[EventDate "2015.05.15"]

1. d4 Nf6 2. c4 e6 3. Nf3 d5 4. Nc3 Bb4 5. Bg5 h6 6. Bxf6 Qxf6 7. Qa4+ Nc6 8.
e3 O-O 9. Be2 dxc4 10. O-O Bd7 11. Bxc4 Bxc3 12. bxc3 Rfd8 13. Qc2 Na5 14. Bd3
c5 15. Ne5 Be8 16. f4 Qe7 17. Qe2 Rac8 18. f5 f6 19. Ng4 exf5 20. Bxf5 Rc7 21.
Rad1 h5 22. Nf2 cxd4 23. cxd4 Nc4 24. Rfe1 Bf7 25. Bd3 b5 26. Ne4 Re8 27. Qf2
Rc6 28. Nc5 Rxc5 29. dxc5 Qxc5 30. Rc1 Qa3 31. Bf1 a6 32. e4 Ne5 33. Rc2 Ng4
34. Qc5 Qa5 35. Rd1 Rxe4 36. a4 Ne3 37. Re2 Re5 38. Qc8+ Re8 39. Qc6 Qxa4 40.
Rd7 Qf4 41. Rf2 Qe5 42. h3 b4 43. Bxa6 b3 44. Rb7 Bd5 0-1

[Event "Scandinavian Masters (rapid) 2015"]
[Site "Oslo NOR"]
[Date "2015.05.15"]
[Round "1"]
[White "Tari, A."]
[Black "Fressinet, L."]
[Result "1/2-1/2"]
[WhiteElo "2520"]
[BlackElo "2712"]
[PlyCount "94"]
[EventDate "2015.05.15"]

1. e4 e5 2. Nf3 Nc6 3. Bb5 Nf6 4. d3 Bc5 5. c3 O-O 6. Bxc6 bxc6 7. Nxe5 d5 8.
d4 Qe8 9. O-O dxe4 10. Nd2 Bd6 11. Ndc4 Be6 12. Re1 c5 13. Be3 Nd5 14. Nxd6
cxd6 15. Nc4 Nxe3 16. Nxe3 f5 17. f4 exf3 18. Qxf3 cxd4 19. cxd4 Qb5 20. d5 Bd7
21. b3 f4 22. Nc4 Qc5+ 23. Qf2 Qxd5 24. Rad1 Qg5 25. Rxd6 Bf5 26. Rd5 Qh6 27.
Rd4 Be6 28. Rd6 Rf6 29. Ne5 a5 30. Red1 Raf8 31. Qf3 Qg5 32. Nc6 h6 33. h3 Qc5+
34. Kh2 Kh8 35. Rd8 Bg8 36. Rxf8 Rxf8 37. Rd3 Rf6 38. Nd4 Qe5 39. Ne2 Re6 40.
Rd8 Qxe2 41. Qa8 f3 42. Rxg8+ Kh7 43. Rh8+ Kg6 44. Qxf3 Qxf3 45. gxf3 Re2+ 46.
Kg3 Rxa2 47. Ra8 Ra3 1/2-1/2

[Event "Scandinavian Masters (rapid) 2015"]
[Site "Oslo NOR"]
[Date "2015.05.15"]
[Round "1"]
[White "Grandelius, N."]
[Black "Agdestein, S."]
[Result "0-1"]
[WhiteElo "2623"]
[BlackElo "2620"]
[PlyCount "112"]
[EventDate "2015.05.15"]

1. d4 e6 2. e4 d5 3. Nc3 a6 4. Nf3 Nf6 5. Bg5 Be7 6. Bd3 Nxe4 7. Nxe4 dxe4 8.
Bxe7 Qxe7 9. Bxe4 Nd7 10. O-O Nf6 11. Bd3 b6 12. Ne5 Bb7 13. c3 O-O 14. Re1 c5
15. dxc5 bxc5 16. Qe2 a5 17. Rad1 Rad8 18. Bc2 Qc7 19. Ng4 Nxg4 20. Qxg4 g6 21.
Qg5 Kg7 22. h4 Rd5 23. Rxd5 Bxd5 24. h5 h6 25. Qe3 Rd8 26. hxg6 f5 27. b3 c4
28. Qd4+ Kxg6 29. Re5 cxb3 30. axb3 Bxb3 31. Qf4 Qxc3 32. Bxf5+ exf5 33. Qxf5+
Kg7 34. Re7+ Kg8 35. Re3 Qa1+ 36. Kh2 a4 37. Rg3+ Kh8 38. Qg6 Bg8 39. Qxh6+ Bh7
40. Qh4 Qd4 41. Rg4 Qd6+ 42. f4 a3 43. Rg6 Qxg6 44. Qxd8+ Qg8 45. Qd4+ Qg7 46.
Qa4 Qe7 47. Qd4+ Kg8 48. f5 Bxf5 49. Qd5+ Be6 50. Qa8+ Kf7 51. g4 a2 52. Qf3+
Qf6 53. Qb7+ Kg6 54. Qe4+ Kg5 55. Qe3+ Qf4+ 56. Qxf4+ Kxf4 0-1

[Event "Scandinavian Masters (rapid) 2015"]
[Site "Oslo NOR"]
[Date "2015.05.15"]
[Round "2"]
[White "Grandelius, N."]
[Black "Hansen, Cu"]
[Result "0-1"]
[WhiteElo "2623"]
[BlackElo "2621"]
[PlyCount "120"]
[EventDate "2015.05.15"]

1. d4 Nf6 2. c4 c5 3. d5 g6 4. Nc3 Bg7 5. e4 d6 6. h3 O-O 7. Nf3 e6 8. Bd3 Na6
9. O-O e5 10. Bg5 h6 11. Be3 Nh5 12. Qd2 Qf6 13. Bxh6 Bxh6 14. Qxh6 Nf4 15. Ng5
Qg7 16. Qxg7+ Kxg7 17. Bc2 Rh8 18. Bd1 Kf6 19. Nf3 Bxh3 20. gxh3 Rxh3 21. Ne1
Rah8 22. Bf3 g5 23. Ne2 Rxf3 24. Ng3 g4 25. Nxf3 gxf3 26. Rfc1 Nb4 27. Rc3 Nbd3
28. Rd1 Ne2+ 29. Nxe2 fxe2 30. Rcxd3 exd1=Q+ 31. Rxd1 Kg5 32. Rd3 Kf4 33. Re3
f6 34. Kg2 Rh6 35. a4 b6 36. Kg1 Rh7 37. Kg2 a6 38. Rb3 b5 39. axb5 axb5 40.
Rxb5 Kxe4 41. Rb6 Rd7 42. b4 cxb4 43. Rxb4 f5 44. c5+ Kxd5 45. cxd6 Kxd6 46.
Ra4 Ke6 47. Kf3 Rd3+ 48. Ke2 e4 49. Ra6+ Ke5 50. Ra8 Rb3 51. Re8+ Kf4 52. Rf8
Rb2+ 53. Ke1 Kg4 54. Rf7 f4 55. Ra7 Kf3 56. Ra3+ Kg2 57. Ra4 Rb1+ 58. Ke2 f3+
59. Ke3 Re1+ 60. Kf4 Kxf2 0-1

[Event "Scandinavian Masters (rapid) 2015"]
[Site "Oslo NOR"]
[Date "2015.05.15"]
[Round "2"]
[White "Fressinet, L."]
[Black "Hammer, J."]
[Result "0-1"]
[WhiteElo "2712"]
[BlackElo "2665"]
[PlyCount "88"]
[EventDate "2015.05.15"]

1. e4 e5 2. Nf3 Nc6 3. Bc4 Bc5 4. O-O Nf6 5. d3 d6 6. c3 Bb6 7. h3 h6 8. Re1
O-O 9. a4 a6 10. Nbd2 Ne7 11. d4 exd4 12. cxd4 d5 13. e5 Nh5 14. Bf1 Nf4 15. a5
Ba7 16. Nb3 Neg6 17. Qc2 Ne6 18. Be3 f5 19. exf6 Qxf6 20. Ne5 Ne7 21. Ng4 Qf7
22. Bxh6 Nxd4 23. Nxd4 Bxg4 24. hxg4 Bxd4 25. Be3 Nc6 26. Qd2 Bxe3 27. Rxe3
Rae8 28. Rae1 Rxe3 29. Rxe3 Qd7 30. g5 Qd6 31. Rh3 Qc5 32. g6 Rf5 33. Bd3 Qd4
34. Qe2 Re5 35. Qf3 Re1+ 36. Kh2 Qe5+ 37. g3 Qf6 38. Qxd5+ Kf8 39. Kg2 Ke7 40.
Rh4 Ne5 41. Be4 c6 42. Qd2 Rxe4 43. Rh8 Qf3+ 44. Kh3 Qh1# 0-1

[Event "Scandinavian Masters (rapid) 2015"]
[Site "Oslo NOR"]
[Date "2015.05.15"]
[Round "2"]
[White "Agdestein, S."]
[Black "Tari, A."]
[Result "0-1"]
[WhiteElo "2620"]
[BlackElo "2520"]
[PlyCount "60"]
[EventDate "2015.05.15"]

1. c4 Nf6 2. g3 c6 3. Bg2 d5 4. Nf3 g6 5. Qa4 Nbd7 6. Qc2 Bg7 7. O-O dxc4 8.
Qxc4 O-O 9. e4 Nb6 10. Qe2 Bg4 11. Rd1 e5 12. d3 Nfd7 13. Be3 f5 14. h3 Bxf3
15. Bxf3 f4 16. gxf4 exf4 17. Bxb6 Qxb6 18. d4 c5 19. dxc5 Qxb2 20. Nd2 Rad8
21. Qc4+ Kh8 22. Rab1 Qa3 23. Rb3 Qa5 24. Rb5 Qc7 25. Qb4 Ne5 26. Be2 f3 27.
Bf1 Nc6 28. Rxb7 Qf4 29. Qa4 Be5 30. Nxf3 Qxf3 0-1

[Event "Scandinavian Masters (rapid) 2015"]
[Site "Oslo NOR"]
[Date "2015.05.15"]
[Round "3"]
[White "Hansen, Cu"]
[Black "Fressinet, L."]
[Result "0-1"]
[WhiteElo "2621"]
[BlackElo "2712"]
[PlyCount "127"]
[EventDate "2015.05.15"]

1. d4 Nf6 2. c4 g6 3. Nf3 Bg7 4. g3 O-O 5. Bg2 d6 6. O-O Nbd7 7. Nc3 e5 8. e4
exd4 9. Nxd4 Re8 10. h3 Nc5 11. Re1 Bd7 12. Rb1 a5 13. b3 Qc8 14. Kh2 Re5 15.
f4 Rh5 16. f5 gxf5 17. Nd5 Nxd5 18. exd5 Rh6 19. Bxh6 Bxh6 20. Qh5 Bg7 21. Rbd1
f4 22. gxf4 Qd8 23. Nf5 Bxf5 24. Qxf5 Qh4 25. Re3 Rf8 26. Rde1 Bd4 27. Rg3+ Kh8
28. Re2 Bg1+ 29. Kxg1 Qxg3 30. Qg5 Qc3 31. Kh2 Rg8 32. Qh4 Qg7 33. Qf2 Qf6 34.
Qe3 Rg6 35. Bf3 Qh4 36. Qd4+ f6 37. Rg2 Kg7 38. Bg4 Kf8 39. Qe3 Rg8 40. Re2 Kg7
41. Be6 Rf8 42. Rg2+ Kh8 43. f5 b6 44. Rg4 Qh5 45. Qg3 Nxe6 46. fxe6 Qf5 47.
Qe3 Re8 48. Qh6 Rg8 49. Rxg8+ Kxg8 50. Qe3 Kf8 51. Kg3 Ke7 52. a4 Qg6+ 53. Kh2
Qf5 54. h4 h5 55. Qe2 Qf4+ 56. Kh3 Qf5+ 57. Kg3 Qg6+ 58. Kf4 Qh6+ 59. Ke4 Qg6+
60. Kd4 f5 61. Qe3 Qf6+ 62. Kd3 f4 63. Qe4 f3 64. Qh7+ 0-1

[Event "Scandinavian Masters (rapid) 2015"]
[Site "Oslo NOR"]
[Date "2015.05.15"]
[Round "3"]
[White "Hammer, J."]
[Black "Agdestein, S."]
[Result "1-0"]
[WhiteElo "2665"]
[BlackElo "2620"]
[PlyCount "75"]
[EventDate "2015.05.15"]

1. d4 e6 2. c4 f5 3. g3 Nf6 4. Bg2 c6 5. Nf3 d5 6. O-O Bd6 7. Qc2 O-O 8. Nc3
Ne4 9. Rb1 a6 10. b4 b5 11. c5 Bc7 12. Ne5 Nxc3 13. Qxc3 Bxe5 14. dxe5 a5 15.
a3 Bd7 16. h4 Be8 17. Bf3 Bf7 18. h5 h6 19. Kg2 Nd7 20. Bf4 Qc7 21. Qe3 axb4
22. axb4 Ra4 23. g4 fxg4 24. Bxg4 Rfa8 25. Qg3 Ra3 26. e3 Kh8 27. Kh2 Qd8 28.
Rg1 Qf8 29. Qh3 Re8 30. Ra1 Ra4 31. Rxa4 bxa4 32. Ra1 Nxc5 33. bxc5 Qxc5 34.
Qf3 Qa7 35. Bxh6 Bg8 36. Bg5 a3 37. h6 g6 38. Rxa3 1-0

[Event "Scandinavian Masters (rapid) 2015"]
[Site "Oslo NOR"]
[Date "2015.05.15"]
[Round "3"]
[White "Tari, A."]
[Black "Grandelius, N."]
[Result "1/2-1/2"]
[WhiteElo "2520"]
[BlackElo "2623"]
[PlyCount "117"]
[EventDate "2015.05.15"]

1. e4 c5 2. Ne2 e6 3. d4 cxd4 4. Nxd4 a6 5. c4 Nf6 6. Nc3 Qc7 7. Be2 Bb4 8. O-O
O-O 9. Bg5 Bxc3 10. Bxf6 Bb4 11. Bg5 Bd6 12. h3 Nc6 13. Nxc6 dxc6 14. Be3 c5
15. f4 b6 16. e5 Be7 17. Bf3 Bb7 18. Bxb7 Qxb7 19. Qc2 Rad8 20. Rad1 Qc6 21. f5
exf5 22. Qxf5 g6 23. Qg4 h5 24. Qf4 Qe6 25. b3 Rxd1 26. Rxd1 Rd8 27. Rxd8+ Bxd8
28. Qe4 Bc7 29. Bf4 Kg7 30. Qb7 Qd7 31. Qd5 Qf5 32. Bg3 h4 33. Bxh4 Bxe5 34.
Qd2 Qb1+ 35. Be1 Bb2 36. Qe2 Bc3 37. Kf1 Kf8 38. Qe3 Bxe1 39. Qxe1 Qxa2 40. Qe5
Qb1+ 41. Kf2 Qf5+ 42. Qxf5 gxf5 43. Kf3 Kg7 44. Kf4 Kf6 45. h4 b5 46. cxb5 axb5
47. g3 Ke6 48. Kf3 Ke5 49. Ke3 c4 50. bxc4 bxc4 51. h5 Kf6 52. Kd4 Kg5 53. Kxc4
Kxh5 54. Kd5 Kg5 55. Ke5 Kg4 56. Kf6 Kxg3 57. Kxf5 Kf3 58. Kf6 Ke3 59. Kg7
1/2-1/2

[Event "Scandinavian Masters (rapid) 2015"]
[Site "Oslo NOR"]
[Date "2015.05.15"]
[Round "4"]
[White "Tari, A."]
[Black "Hansen, Cu"]
[Result "1-0"]
[WhiteElo "2520"]
[BlackElo "2621"]
[PlyCount "148"]
[EventDate "2015.05.15"]

1. e4 c5 2. Nf3 Nc6 3. d4 cxd4 4. Nxd4 g6 5. c4 Bg7 6. Be3 Nf6 7. Nc3 d6 8. Be2
O-O 9. Nc2 Nd7 10. Qd2 Nc5 11. f3 a5 12. b3 f5 13. exf5 Bxf5 14. O-O a4 15. b4
Bxc2 16. bxc5 Bf5 17. cxd6 Qxd6 18. Qxd6 exd6 19. Rac1 Nb4 20. g4 Rfe8 21. Kf2
Bd3 22. a3 Nc2 23. Bxd3 Rxe3 24. Rxc2 Rxd3 25. Nb5 Re8 26. Re2 Rc8 27. Rc1 Be5
28. Re3 Rb3 29. Rxb3 axb3 30. Rb1 b2 31. f4 Bh8 32. Nxd6 Rc6 33. Ne4 Rxc4 34.
Ke3 Rc1 35. Nd2 Bc3 36. Kd3 Bxd2 37. Rxb2 Bxf4 38. Rxb7 Ra1 39. Ra7 Bxh2 40.
Ke4 Rf1 41. Ra8+ Kg7 42. g5 Rf5 43. Ra7+ Rf7 44. Ra8 Bf4 45. Ra5 Bd2 46. Rd5
Bc1 47. a4 Ra7 48. a5 Ba3 49. Rb5 Be7 50. Kd3 Bd8 51. a6 Rxa6 52. Rb7+ Kg8 53.
Rb8 Rd6+ 54. Ke4 Kf7 55. Kf3 Bxg5 56. Rb7+ Be7 57. Rb8 h5 58. Kg3 g5 59. Rh8
Rd3+ 60. Kg2 Kg6 61. Re8 Bf6 62. Rb8 Kf5 63. Rb5+ Be5 64. Rb4 g4 65. Rb7 h4 66.
Rf7+ Ke4 67. Kf2 Rd2+ 68. Ke1 Ra2 69. Kd1 h3 70. Rh7 g3 71. Rh4+ Kf3 72. Rxh3
Kg4 73. Rh6 Bf4 74. Rg6+ Kf3 1-0

[Event "Scandinavian Masters (rapid) 2015"]
[Site "Oslo NOR"]
[Date "2015.05.15"]
[Round "4"]
[White "Grandelius, N."]
[Black "Hammer, J."]
[Result "1/2-1/2"]
[WhiteElo "2623"]
[BlackElo "2665"]
[PlyCount "51"]
[EventDate "2015.05.15"]

1. Nf3 d5 2. d4 Nf6 3. c4 e6 4. Nc3 c5 5. cxd5 Nxd5 6. g3 cxd4 7. Nxd5 Qxd5 8.
Qxd4 Qb5 9. e4 Qb4+ 10. Bd2 Nc6 11. Qxb4 Bxb4 12. Bb5 Bd7 13. Bxc6 Bxd2+ 14.
Kxd2 Bxc6 15. Ke3 f5 16. Rhc1 Bxe4 17. Rc7 O-O 18. Ne5 Rac8 19. Rac1 Rxc7 20.
Rxc7 Bd5 21. a3 f4+ 22. gxf4 Rf5 23. Rc8+ Rf8 24. Rc7 Rf5 25. Rc8+ Rf8 26. Rc7
1/2-1/2

[Event "Scandinavian Masters (rapid) 2015"]
[Site "Oslo NOR"]
[Date "2015.05.15"]
[Round "4"]
[White "Agdestein, S."]
[Black "Fressinet, L."]
[Result "0-1"]
[WhiteElo "2620"]
[BlackElo "2712"]
[PlyCount "88"]
[EventDate "2015.05.15"]

1. c4 g6 2. e4 Bg7 3. d4 d6 4. Nc3 Nf6 5. Bd3 O-O 6. Nge2 Nc6 7. O-O e5 8. d5
Nd4 9. Nxd4 exd4 10. Ne2 Re8 11. Bg5 c5 12. dxc6 bxc6 13. b4 Qb6 14. Bxf6 Bxf6
15. Rb1 Bd7 16. a4 a5 17. b5 Be5 18. Qd2 cxb5 19. cxb5 Rac8 20. Rfc1 Be6 21.
Rxc8 Rxc8 22. Rc1 Rc5 23. g3 Bh3 24. Rxc5 Qxc5 25. Qb2 d5 26. Qc2 Qb4 27. Qd1
Be6 28. Qb1 Qd2 29. exd5 Bxd5 30. b6 Kg7 31. Kf1 Bb7 32. h4 h5 33. Qb3 Bf6 34.
Nf4 Qc1+ 35. Ke2 Be5 36. Nd5 Qc5 37. Bc4 Qd6 38. f4 d3+ 39. Kxd3 Ba1 40. Kc2
Qe6 41. Qd3 Qe1 42. Nc3 Qe7 43. Bd5 Bc8 44. Qe4 Bf5 0-1

[Event "Scandinavian Masters (rapid) 2015"]
[Site "Oslo NOR"]
[Date "2015.05.15"]
[Round "5"]
[White "Hansen, Cu"]
[Black "Agdestein, S."]
[Result "1/2-1/2"]
[WhiteElo "2621"]
[BlackElo "2620"]
[PlyCount "65"]
[EventDate "2015.05.15"]

1. d4 e6 2. e4 d5 3. Nd2 c5 4. Ngf3 Nc6 5. exd5 exd5 6. Bb5 Bd6 7. O-O cxd4 8.
Nb3 Nge7 9. Nbxd4 O-O 10. Bd3 h6 11. h3 Ng6 12. c3 Qf6 13. Be3 Nf4 14. Bxf4
Bxf4 15. Re1 Bc7 16. Bf1 Bb6 17. Qd2 Bd7 18. Rad1 Rfe8 19. g3 Re4 20. Bg2 Rae8
21. b3 Nxd4 22. cxd4 Rxe1+ 23. Rxe1 Rxe1+ 24. Qxe1 Bxd4 25. Qd2 Bb6 26. Qxd5
Qa1+ 27. Kh2 Bc6 28. Qd2 Qf6 29. Qe2 g6 30. Kg1 Qa1+ 31. Kh2 Qf6 32. Kg1 Qa1+
33. Kh2 1/2-1/2

[Event "Scandinavian Masters (rapid) 2015"]
[Site "Oslo NOR"]
[Date "2015.05.15"]
[Round "5"]
[White "Fressinet, L."]
[Black "Grandelius, N."]
[Result "1/2-1/2"]
[WhiteElo "2712"]
[BlackElo "2623"]
[PlyCount "104"]
[EventDate "2015.05.15"]

1. Nf3 d5 2. g3 g6 3. c4 dxc4 4. Na3 Bg7 5. Nxc4 Nc6 6. d3 e5 7. Bg2 Nge7 8.
O-O O-O 9. Rb1 Be6 10. b3 Qd7 11. Bb2 f6 12. a3 Bh3 13. b4 Bxg2 14. Kxg2 Nf5
15. Qb3 Kh8 16. e3 Rad8 17. Rfd1 b5 18. Na5 Nxa5 19. bxa5 c5 20. a4 bxa4 21.
Qc4 Rc8 22. Ba3 Qc6 23. Rdc1 Rfd8 24. Qxc5 Qa6 25. Qb5 Qxb5 26. Rxb5 Rxc1 27.
Bxc1 Bf8 28. g4 Nd6 29. Rb4 Nf7 30. Rxa4 Rxd3 31. Rc4 Rd7 32. Bb2 Bd6 33. a6
Rc7 34. Nd2 Kg7 35. h4 f5 36. gxf5 gxf5 37. e4 Kf6 38. Kf3 Ke6 39. Rxc7 Bxc7
40. Nc4 Bd8 41. Bc1 fxe4+ 42. Kxe4 Bxh4 43. Be3 Nd6+ 44. Nxd6 Kxd6 45. Bxa7
Bxf2 46. Bxf2 Kc7 47. Kxe5 Kb8 48. Kf6 Ka8 49. Kg7 h5 50. Kg6 h4 51. Bxh4 Ka7
52. Bf2+ Kxa6 1/2-1/2

[Event "4th FIDE Grand Prix Series 2014/15"]
[Site "Khanty-Mansiysk RUS"]
[Date "2015.05.16"]
[Round "3"]
[White "Jobava, Baadur"]
[Black "Gelfand, Boris"]
[Result "1/2-1/2"]
[WhiteElo "2699"]
[BlackElo "2744"]
[PlyCount "80"]
[EventDate "2015.05.14"]

1. d4 Nf6 2. c4 g6 3. Nc3 d5 4. Nf3 Bg7 5. Qa4+ Bd7 6. Qa3 dxc4 7. e4 b5 8. e5
Ng4 9. h3 Nh6 10. b3 a5 11. Qb2 b4 12. Ne4 c3 13. Qc2 O-O 14. Bc4 Bc6 15. h4
Nf5 16. Qd3 Nd7 17. h5 Nxe5 18. dxe5 Qxd3 19. Bxd3 a4 20. hxg6 hxg6 21. bxa4
Rfd8 22. Bc2 Bxa4 23. Bxa4 Rxa4 24. O-O Ra5 25. Rb1 c5 26. a3 bxa3 27. Nxc3 Nd4
28. Bf4 a2 29. Ra1 Rda8 30. Rfd1 g5 31. Nxg5 f6 32. Nge4 Nb3 33. Rxa2 Rxa2 34.
Nxa2 Rxa2 35. exf6 Bxf6 36. Rd7 Kf7 37. Rc7 Nd4 38. Bg3 Ne2+ 39. Kh2 Nxg3 40.
fxg3 Bd4 1/2-1/2

[Event "4th FIDE Grand Prix Series 2014/15"]
[Site "Khanty-Mansiysk RUS"]
[Date "2015.05.16"]
[Round "3"]
[White "Grischuk, Alexander"]
[Black "Vachier-Lagrave, Maxime"]
[Result "1/2-1/2"]
[WhiteElo "2780"]
[BlackElo "2754"]
[PlyCount "83"]
[EventDate "2015.05.14"]

1. e4 c5 2. Nf3 d6 3. d4 cxd4 4. Nxd4 Nf6 5. f3 e5 6. Nb3 d5 7. Bg5 d4 8. c3
Nc6 9. cxd4 exd4 10. Bb5 Bb4+ 11. Bd2 Bd6 12. Na3 O-O 13. Nc4 Be6 14. Nxd6 Qxd6
15. O-O a6 16. Bxc6 bxc6 17. Rc1 Nd7 18. Nc5 Nxc5 19. Bb4 Rfd8 20. Bxc5 Qb8 21.
b3 a5 22. Rf2 Qb5 23. Rd2 a4 24. Bxd4 axb3 25. axb3 Bxb3 26. Qe1 f6 27. Qe3 Ra2
28. Rxa2 Bxa2 29. Qa3 Bf7 30. h3 h6 31. Qc3 Qa4 32. Bf2 Rd1+ 33. Rxd1 Qxd1+ 34.
Kh2 Qd6+ 35. Bg3 Qe6 36. Qd4 Kh7 37. Bd6 Qd7 38. f4 f5 39. exf5 Qxf5 40. Be5
Bd5 41. Qa7 Qf7 42. Qxf7 1/2-1/2

[Event "4th FIDE Grand Prix Series 2014/15"]
[Site "Khanty-Mansiysk RUS"]
[Date "2015.05.16"]
[Round "3"]
[White "Caruana, Fabiano"]
[Black "Tomashevsky, Evgeny"]
[Result "1-0"]
[WhiteElo "2803"]
[BlackElo "2749"]
[PlyCount "81"]
[EventDate "2015.05.14"]

1. d4 d5 2. c4 c6 3. Nf3 Nf6 4. Nc3 a6 5. a4 e6 6. Bf4 a5 7. e3 Be7 8. g4 Na6
9. g5 Nd7 10. h4 Nb4 11. Be2 b6 12. h5 Bb7 13. cxd5 exd5 14. Qd2 f5 15. gxf6
Bxf6 16. h6 g6 17. e4 dxe4 18. Nxe4 O-O 19. O-O-O Nd5 20. Bg3 Ba6 21. Bxa6 Rxa6
22. Rhe1 Ra8 23. Kb1 Be7 24. Qd3 Rf5 25. Ne5 Qc8 26. Nc3 Nxc3+ 27. Qxc3 Nxe5
28. Qb3+ Rf7 29. dxe5 Qf5+ 30. Ka2 Bb4 31. e6 Re7 32. Bh4 Ree8 33. e7+ Qf7 34.
Re6 b5 35. Rd8 bxa4 36. Qe3 Bxe7 37. Rxa8 Rxa8 38. Bxe7 Re8 39. Ka1 a3 40. bxa3
Qf5 41. Qc3 1-0